| 000 | 00375cam a2200169 4500 | ||
|---|---|---|---|
| 001 | D3134 | ||
| 008 | 090401t1964 xxu||||| |||| 00| 0 eng d | ||
| 035 | _a(Sirsi) u71941 | ||
| 041 | _aeng | ||
| 050 | _a692.50285 | ||
| 100 | _aDent, Colin | ||
| 245 | _aQuantity surveying by computer | ||
| 260 |
_aLondon _bOUP _c1964 |
||
| 350 | _a0 | ||
| 942 | _n0 | ||
| 948 | _c04/03/1997 | ||
| 999 |
_c95463 _d95463 |
||